000 00792nab a2200241 4500
003 BR-BrBNA
005 20250520120109.0
008 250520b bl.||||| |||| 00| 0 por d
040 _aBR-BrBNA
_bpor
072 _aF01 ; E16 ; F30 ; E71
_b0430
100 _aJacobsen, João Carlos
245 _aAlgodão do Brasil para o mundo
_bArtigo
500 _a2 illus.
650 _aALGODÃO
650 _aTAXA DE CÂMBIO
650 _aCUSTO DE PRODUÇÃO
650 _aTRANSGENIA
650 _aMERCADO INTERNACIONAL
650 _aEXPORTAÇÃO
773 0 _01706
_9347868
_dSão Paulo-SP Editora Três Ltda - E-mail: luizfsa@revistadinheiro.com.br 2004
_o2025-0369
_tDinheiro Rural (Brazil)
_x1807-3700
_gv. 5(40) p. 82; (Feb 2008)
_wBR2025001151
942 _cANA
999 _c331605
_d331605